Movies Quiz

Random Movies or Numbers Quiz

Cinematic Shades II Quiz Stats

 Plays Quiz Updated Oct 20, 2012

Also try: Cinematic Shades
Challenge
Share
Tweet
Score 0/25 Timer 08:00
0 Plays Today
Number(Year) Movie Title % Correct
Mr. & Mrs. Smith
90.9%
The Devil Wears Prada
84.4%
Juno
78.1%
Risky Business
71.5%
Iron Man
65.7%
Fear and Loathing in Las Vegas
59.4%
Thelma & Louise
59.2%
Hot Fuzz
52.9%
Kill Bill: Vol. 1
51.8%
Scarface
49.6%
Dr. Strangelove
46.8%
The Book of Eli
46.5%
Spy Kids
43.1%
Number(Year) Movie Title % Correct
Natural Born Killers
42.5%
Avatar
40.5%
Who Framed Roger Rabbit
39.6%
Daredevil
34.3%
Easy Rider
34.1%
Die Hard: With a Vengeance
21.7%
Ultraviolet
18.5%
The Hitchhiker's Guide to the Galaxy
16.6%
Grindhouse: Deathproof
14.5%
O Brother, Where Art Thou?
12.2%
Mannequin
11.6%
RocknRolla
7.9%

You're not logged in!

Compare scores with friends on all Sporcle quizzes.
Join for Free
OR
Log In

You Might Also Like...

Show Comments

Extras

Top Quizzes Today


Score Distribution

Your Account Isn't Verified!

In order to create a playlist on Sporcle, you need to verify the email address you used during registration. Go to your Sporcle Settings to finish the process.

Report this User

Report this user for behavior that violates our Community Guidelines.

Details: